| 000 | 00386nam a2200145Ia 4500 | ||
|---|---|---|---|
| 005 | 20250729165332.0 | ||
| 008 | 250729s2005 xx 000 0 und d | ||
| 041 | _aeng | ||
| 082 | _a370.1 AGGT | ||
| 100 |
_aAggarwal J C _9221170 |
||
| 245 | _aTeachning of Hisory :A Practical Approach | ||
| 260 |
_aNew Delhi _bVikas Publishing _c2005 |
||
| 300 | _a461p | ||
| 650 |
_aEducation _9221171 |
||
| 999 |
_c234886 _d234886 |
||